[Event "Karen Asrian Memorial"]
[Site "Jermuk ARM"]
[Date "2010.10.09"]
[Round "5"]
[White "Andriasian,Z"]
[Black "Shanava,K"]
[Result "1/2-1/2"]
[WhiteElo "2579"]
[BlackElo "2566"]

1.e4 c5 2.Nf3 d6 3.d4 cxd4 4.Nxd4 Nf6 5.Nc3 Nc6 6.Bg5 Bd7 7.Qd2 Rc8 8.O-O-O Nxd4
9.Qxd4 Qa5 10.f4 Rxc3 11.bxc3 e5 12.Qb4 Qxb4 13.cxb4 Nxe4 14.Bh4 g5 15.fxg5 Be7
16.Bc4 h6 17.Rhf1 Be6 18.Bxe6 fxe6 19.Kb2 d5 20.Kb3 b5 21.Bg3 Nxg3 22.hxg3 Bxg5
23.a4 bxa4+ 24.Kxa4 Ke7  1/2-1/2

[Event "TCh-HUN 2010-11"]
[Site "Zalaegerszeg HUN"]
[Date "2010.10.10"]
[Round "1"]
[White "Veszpremi,A"]
[Black "Madl,I"]
[Result "0-1"]
[WhiteElo "2270"]
[BlackElo "2397"]

1.e4 c5 2.Nf3 d6 3.d4 cxd4 4.Nxd4 Nf6 5.Nc3 Nc6 6.Bg5 e6 7.Qd2 Be7 8.O-O-O O-O
9.f4 h6 10.Bh4 Nxd4 11.Qxd4 Qa5 12.Kb1 e5 13.Qd2 Nxe4 14.Nxe4 Qxd2 15.Rxd2 Bxh4
16.g3 Be7 17.Nxd6 Bxd6 18.Rxd6 e4 19.Bc4 Rb8 20.Kc1 Bf5 21.Kd2 b5 22.Bb3 a5
23.a3 Rfc8 24.Rd1 a4 25.Ba2 Kf8 26.c3 Bg4 27.Re1 Rd8 28.Rd4 f5 29.Bd5 Ke7
30.Rc1 Rd6 31.Ba2 Rbb6 32.Ke3 Rbc6 33.Re1 Kd7 34.Bd5 Rc5 35.c4 Ke7 36.Bg8 Rc8
37.Rxd6 Kxd6 38.Bf7 Rc7 39.Bg8 Rc8 40.Bf7 Rc7 41.Bg8 bxc4 42.Rc1 Rb7 43.Rc2 Rb3+
44.Rc3 Rxb2 45.Bxc4 Rxh2 46.Bb5 Bd1 47.Rc6+ Kd5 48.Rc7 Bb3 49.Rxg7 Ra2 50.Rf7 Kc5
51.Rxf5+ Bd5 52.Be8 Rxa3+ 53.Ke2 Kd4 54.Bb5 Ra2+ 55.Ke1 a3  0-1

[Event "Karen Asrian Memorial"]
[Site "Jermuk ARM"]
[Date "2010.10.12"]
[Round "8"]
[White "Vorobiov,E"]
[Black "Bagaturov,G"]
[Result "1-0"]
[WhiteElo "2565"]
[BlackElo "2464"]

1.e4 c5 2.Nf3 Nc6 3.d4 cxd4 4.Nxd4 Nf6 5.Nc3 d6 6.Bg5 e6 7.Qd2 a6 8.O-O-O Qb6
9.Nxc6 bxc6 10.Bc4 Be7 11.f4 h6 12.Bxf6 gxf6 13.f5 Qc5 14.Bb3 Qe5 15.g4 h5
16.gxh5 Rxh5 17.h4 Bf8 18.Kb1 Bd7 19.Ne2 Rh8 20.h5 Qxe4 21.fxe6 fxe6 22.Rhe1 d5
23.Nd4 Qg4 24.Nxc6 Kf7 25.Bxd5 exd5 26.Qxd5+ Be6 27.Ne5+ fxe5 28.Rf1+ Kg7
29.Qxa8 Bc5 30.Qb7+ Kh6 31.Rf6+  1-0

[Event "Lichtenrader Herbst"]
[Site "Berlin GER"]
[Date "2010.10.20"]
[Round "5"]
[White "Gruzmann,B"]
[Black "Radovanovic,J"]
[Result "0-1"]
[WhiteElo "2236"]
[BlackElo "2305"]

1.e4 c5 2.Nf3 d6 3.d4 cxd4 4.Nxd4 Nf6 5.Nc3 Nc6 6.Bg5 e6 7.Qd2 Be7 8.O-O-O O-O
9.Be2 a6 10.h4 Nxd4 11.Qxd4 Qc7 12.h5 h6 13.Be3 b5 14.Rdg1 e5 15.Qd3 b4 16.Nd1 Bb7
17.Bf3 d5 18.exd5 Rfd8 19.Rh4 Rac8 20.b3 Qa5 21.a4 Nxd5 22.Rg4 e4 23.Qxe4 Nxe3
24.Qxe3 Qc7 25.Qe2 Bg5+ 26.Kb1 Bxf3 27.gxf3 Rd2 28.Qe4 Qxc2+ 29.Qxc2 Rcxc2
30.Rc4 Ra2 31.Rd4 Rxd4 32.Kxa2 Rd3 33.Kb2 Rxf3 34.Kc2 Rh3 35.Rg4 a5 36.f4 Bf6
37.Rg2  0-1

[Event "WY Boys-U14"]
[Site "Porto Carras GRE"]
[Date "2010.10.28"]
[Round "9.18"]
[White "Navarrete Espi,S"]
[Black "Usmanov,V"]
[Result "0-1"]
[WhiteElo "2024"]
[BlackElo "2219"]

1.e4 c5 2.Nf3 d6 3.d4 cxd4 4.Nxd4 Nf6 5.Nc3 Nc6 6.Bg5 Bd7 7.f3 Rc8 8.Qd2 Nxd4
9.Qxd4 Qa5 10.Be3 a6 11.O-O-O g6 12.Kb1 Be6 13.Qb6 Qxb6 14.Bxb6 Bg7 15.Nd5 Nxd5
16.exd5 Bf5 17.Bd3 Kd7 18.Bxf5+ gxf5 19.g4 Rc4 20.b3 Rf4 21.gxf5 Rxf3 22.Rhf1 Rh3
23.Bd4 Bxd4 24.Rxd4 Rxh2 25.Rg4 f6 26.Rg7 Re2 27.Rf4 h5 28.Rb4 b5 29.a4 h4
30.axb5 h3 31.Rg1 h2 32.Rh1 axb5 33.Rg4 Rh5 34.Kb2 Rxf5 35.Rh4 Rff2 36.Ka3 Rxc2
37.Kb4 Rc5 38.Rh5 Kc7 39.Re1 Kb6 40.Rxe7 Rf4+ 41.Ka3 Rc2  0-1

[Event "14th OIBM"]
[Site "Bad Wiessee GER"]
[Date "2010.10.31"]
[Round "2.38"]
[White "Forchert,M"]
[Black "Juergens,Kl"]
[Result "0-1"]
[WhiteElo "2420"]
[BlackElo "2121"]

1.e4 c5 2.Nf3 Nc6 3.d4 cxd4 4.Nxd4 Nf6 5.Nc3 d6 6.Bg5 Bd7 7.Be2 Qa5 8.Bxf6 gxf6
9.Nf5 Bxf5 10.exf5 Qxf5 11.Nd5 Rc8 12.O-O Rg8 13.Re1 e6 14.Bf3 Be7 15.Nxe7 Kxe7
16.g3 Ne5 17.Be4 Qg4 18.f3 Qh5 19.Kg2 f5 20.Bd3 f4 21.Qe2 fxg3 22.hxg3 Qg5
23.Qf2 h5 24.Rh1 Nxd3 25.cxd3 Rc2  0-1

[Event "14th OIBM"]
[Site "Bad Wiessee GER"]
[Date "2010.11.01"]
[Round "4.38"]
[White "Forchert,M"]
[Black "Santl,A"]
[Result "1-0"]
[WhiteElo "2420"]
[BlackElo "2131"]

1.e4 c5 2.Nf3 Nc6 3.d4 cxd4 4.Nxd4 Nf6 5.Nc3 d6 6.Bg5 e6 7.Qd2 Be7 8.O-O-O O-O
9.Nb3 a5 10.a4 Nb4 11.Bb5 Qc7 12.Bxf6 gxf6 13.f4 Kh8 14.Rhf1 Rg8 15.Kb1 b6
16.f5 e5 17.Qe2 Bb7 18.Bc4 Rg7 19.Rf2 Rag8 20.g3 Rd8 21.Nd5 Nxd5 22.Bxd5 Bxd5
23.Rxd5 Rc8 24.Nc1 Qc4 25.b3 Qxe2 26.Rxe2 Rgg8 27.Na2 Rc5 28.Rxc5 bxc5 29.Nc3 Rb8
30.Nd5 Bd8 31.Kb2 c4 32.Re3 Bb6 33.Nxb6 Rxb6 34.Rc3 cxb3 35.cxb3 Kg7 36.Rc4 Kf8
37.b4 axb4 38.Kb3 Rb7 39.Rxb4 Rc7 40.a5 Ke7 41.a6 Kd7 42.Ra4 Ra7 43.Kc4  1-0

[Event "14th OIBM"]
[Site "Bad Wiessee GER"]
[Date "2010.11.01"]
[Round "4.41"]
[White "Kummerow,H"]
[Black "Juergens,Kl"]
[Result "1-0"]
[WhiteElo "2334"]
[BlackElo "2121"]

1.e4 c5 2.Nf3 Nc6 3.d4 cxd4 4.Nxd4 Nf6 5.Nc3 d6 6.Bg5 Bd7 7.f3 Qb6 8.Nb3 e6
9.Qd2 a6 10.O-O-O Qc7 11.Kb1 b5 12.Bxb5 axb5 13.Nxb5 Qb8 14.Nxd6+ Qxd6 15.Qxd6 Bxd6
16.Rxd6 Ne5 17.Rhd1 Nc4 18.R6d4 Bb5 19.Nd2 Na5 20.e5 Nc6 21.exf6 Nxd4 22.fxg7 Rg8
23.Ne4 Rxg7 24.Rxd4 Rg6 25.h4 e5 26.Rd5 Bf1 27.Nf6+ Ke7 28.Rxe5+ Kd6 29.f4 h6
30.h5 Rg7 31.Bxh6 Rxg2 32.Re1 Be2 33.Bg5 Ke6 34.h6 Kf5 35.Rh1 Bc4 36.a3 Rd8
37.h7 Rh2 38.Rg1 Rdd2 39.Ng4  1-0

[Event "14th OIBM"]
[Site "Bad Wiessee GER"]
[Date "2010.11.03"]
[Round "6.17"]
[White "Seyb,A"]
[Black "Meins,G"]
[Result "1/2-1/2"]
[WhiteElo "2294"]
[BlackElo "2475"]

1.e4 c5 2.Nf3 Nc6 3.d4 cxd4 4.Nxd4 Nf6 5.Nc3 d6 6.Bg5 e6 7.Qd2 Be7 8.O-O-O Nxd4
9.Qxd4 O-O 10.f4 Qa5 11.Bc4 e5 12.Qd3 exf4 13.Bxf4 Bg4 14.Rd2 Rac8 15.Nd5 Nxd5
16.Bxd5 Be6 17.Qb3 Bxd5 18.Rxd5 Rc5 19.Rhd1 Rxd5 20.Qxd5 Qxd5 21.Rxd5 Rd8
22.Kd2 Kf8 23.Kd3 Ke8 24.e5 dxe5 25.Rxd8+ Kxd8 26.Bxe5 g6 27.Ke4 Kd7 28.Kd5 h5
29.c4 a6 30.h3 Bf8 31.c5 Bh6 32.Bc3 Bf4 33.b4 f5 34.a4 g5 35.b5 axb5 36.axb5 g4
37.c6+ bxc6+ 38.bxc6+ Kc8 39.Ke6 gxh3 40.gxh3 Bc1 41.Kxf5 Kc7 42.Kg6 Kxc6
43.Kxh5 Kd7 44.Kg6 Ke6 45.h4 Be3 46.h5 Bc1 47.Bf6 Be3 48.h6 Bxh6 49.Kxh6 Kxf6  1/2-1/2

[Event "14th OIBM"]
[Site "Bad Wiessee GER"]
[Date "2010.11.04"]
[Round "7.43"]
[White "Burchert,W"]
[Black "Baum,B"]
[Result "1-0"]
[WhiteElo "2147"]
[BlackElo "2253"]

1.e4 c5 2.Nf3 Nc6 3.d4 cxd4 4.Nxd4 Nf6 5.Nc3 d6 6.Bg5 e6 7.Qd2 a6 8.O-O-O Qb6
9.Nb3 Be7 10.f3 O-O 11.h4 Rd8 12.Be3 Qc7 13.Qf2 Nd7 14.g4 b5 15.g5 Nce5 16.Rg1 b4
17.Na4 Rb8 18.f4 Nc4 19.Nd4 Nxe3 20.Qxe3 Bb7 21.h5 Bc6 22.g6 Bf6 23.gxf7+ Kxf7
24.f5 Bxa4 25.fxe6+ Kf8 26.b3 Nc5 27.h6 g6 28.bxa4 Ke7 29.Bg2 Rf8 30.Rgf1 b3
31.e5 b2+ 32.Kb1 Bxe5 33.Nc6+ Kxe6 34.Bh3+ Rf5 35.Qg5 Rf8 36.Nxe5 dxe5 37.Bxf5+ gxf5
38.Qd2 Ne4 39.Qd5+ Ke7 40.Rf3 Nc3+ 41.Rxc3 Qxc3 42.Qd7+  1-0

[Event "ch-UKR w"]
[Site "Poltava UKR"]
[Date "2010.11.13"]
[Round "1"]
[White "Tkachova,A"]
[Black "Tarleva,V"]
[Result "1/2-1/2"]
[WhiteElo "1935"]
[BlackElo "2170"]

1.e4 c5 2.Nf3 d6 3.d4 cxd4 4.Nxd4 Nf6 5.Nc3 Nc6 6.Bg5 e6 7.Be2 Be7 8.O-O a6
9.Kh1 O-O 10.Qd2 Qc7 11.Rad1 Na5 12.Bd3 Nc4 13.Qc1 b5 14.a4 b4 15.Nce2 Bd7
16.b3 Ne5 17.f4 Nxd3 18.cxd3 Qb6 19.Qb2 Rfc8 20.Rc1 Rxc1 21.Nxc1 Bd8 22.Bh4 Ng4
23.Bxd8 Rxd8 24.h3 Nf6 25.Nce2 Rc8 26.Rc1 Rc5 27.Rxc5 Qxc5 28.Qc2 a5 29.Qxc5 dxc5
30.Nf3 c4 31.dxc4 Nxe4 32.Ne5 Nc5 33.Nd4 Be8 34.Kg1 f6 35.Nef3 Kf7 36.Kf2 Ke7
37.Ke3 g6 38.g3 Kd6 39.Nd2 e5 40.fxe5+ fxe5 41.N4f3 Bd7 42.Ng5 Ke7 43.h4 Bf5
44.Ngf3 Kd6 45.Ne1 h5 46.Kf2 Ke6 47.Ke3 Bg4 48.Nd3 Nxd3 49.Kxd3 Bd1 50.Ke3 Kd6
51.Ne4+ Kc6 52.Nd2 Bc2 53.Kf3 Kc7 54.Ke3 e4 55.Kd4 Kc6 56.Ke3 Kb6 57.Kd4  1/2-1/2

[Event "ch-UKR w"]
[Site "Poltava UKR"]
[Date "2010.11.19"]
[Round "7"]
[White "Tantsiura,M"]
[Black "Tarleva,V"]
[Result "1-0"]
[WhiteElo "2065"]
[BlackElo "2170"]

1.e4 c5 2.Nf3 d6 3.d4 cxd4 4.Nxd4 Nf6 5.Nc3 Nc6 6.Bg5 e6 7.Qd2 Be7 8.O-O-O a6
9.f4 O-O 10.Nxc6 bxc6 11.Bxf6 Bxf6 12.Qxd6 Qb6 13.e5 Rd8 14.Qa3 Qe3+ 15.Kb1 Rxd1+
16.Nxd1 Qxa3 17.bxa3 Be7 18.c3 Bxa3 19.Kc2 Rb8 20.Bd3 a5 21.Re1 Bd7 22.Re2 c5
23.Bc4 Ba4+ 24.Bb3 Bb5 25.c4 Bc6 26.Nc3 Bb4 27.Ba4 Bxa4+ 28.Nxa4 Rd8 29.g3 Rd4
30.Nb2 Kf8 31.Kb3 Rd2 32.Rxd2 Bxd2 33.Nd3 Ke7 34.Ka4 f6 35.Kb5 fxe5 36.fxe5 g5
37.g4 Bc3 38.Kxc5 Kd7 39.Kb5 h6 40.c5 Kc7 41.h3 Kb7 42.c6+ Kc8 43.Nc5 Bxe5
44.Nxe6 Bc3 45.a4 Bd2 46.Nc5 Kc7 47.Nb3 Bc3 48.Nxa5 Bd4 49.Nc4 Kb8 50.Nd6 Bc3
51.Nf5 Bd2 52.Nxh6 Be3 53.Nf5 Bd2 54.h4  1-0

[Event "TCh-FIN 2010-11"]
[Site "Espoo FIN"]
[Date "2010.11.21"]
[Round "5.1"]
[White "Kulaots,K"]
[Black "Agopov,M"]
[Result "0-1"]
[WhiteElo "2592"]
[BlackElo "2419"]

1.e4 c5 2.Nf3 d6 3.d4 cxd4 4.Nxd4 Nf6 5.Nc3 Nc6 6.Bg5 e6 7.Qd2 Be7 8.O-O-O Nxd4
9.Qxd4 O-O 10.h4 a6 11.f3 b5 12.Kb1 Qc7 13.g4 Bb7 14.Bd3 Rfd8 15.Rhe1 Rab8
16.Qg1 b4 17.Ne2 a5 18.Nd4 a4 19.Bd2 d5 20.e5 Nd7 21.f4 Nc5 22.Bxb4 Ba6 23.Bxc5 Bxc5
24.Bxa6 Qa5 25.Qe3 Qxa6 26.f5 Rb6 27.Rd3 Rdb8 28.b3 Ra8 29.Re2 Rb4 30.Red2 Rxd4
31.Rxd4 Qf1+ 32.Kb2 a3+ 33.Kc3 Rc8 34.Re2 Qa1+ 35.Kd3 Bb6 36.c4 dxc4+ 37.bxc4 Qb1+
38.Rc2 exf5 39.gxf5 Qf1+ 40.Ke4 Qh1+ 41.Kd3 Qf1+ 42.Ke4 g6 43.Rf2 Qb1+ 44.Qd3 Qh1+
45.Rf3 Qxh4+ 46.Rf4 Qh1+ 47.Rf3 Bxd4 48.Qxd4 Qb1+ 49.Rd3 Qxa2 50.c5 Qg2+
51.Ke3 a2 52.Rd1 Qh3+ 53.Ke2 Qxf5 54.Kd2 Qb1 55.e6 fxe6 56.Ke2 Qb5+ 57.Rd3 Qa6  0-1

[Event "XXIII Belgrade Trophy"]
[Site "Obrenovac SRB"]
[Date "2010.11.24"]
[Round "1.82"]
[White "Perez Garcia,Rob"]
[Black "Maljevic,A"]
[Result "1-0"]
[WhiteElo "2159"]
[BlackElo "1673"]

1.e4 c5 2.Nf3 Nc6 3.d4 cxd4 4.Nxd4 Nf6 5.Nc3 d6 6.Bg5 e6 7.Qd2 a6 8.O-O-O Bd7
9.f3 Be7 10.h4 b5 11.Nxc6 Bxc6 12.Bd3 h6 13.Be3 d5 14.exd5 Nxd5 15.Be4 Bb4
16.Bxd5 Bxd5 17.Qd4 Bxc3 18.Qxc3 f6 19.Bc5 Qc7 20.Rhe1 O-O-O 21.Qe3 Kb7 22.Rd3 Rc8
23.Rc3 Qa5 24.a3 Rc6 25.g4 Rhc8 26.b4 Qc7 27.f4 a5 28.Kb2 axb4 29.axb4 Ra6
30.Ra1 Rca8 31.Rca3 Qc6 32.Ra5 Rxa5 33.Rxa5 Rxa5 34.bxa5 Qc7 35.Bb4 Kb8 36.g5 hxg5
37.hxg5 fxg5 38.fxg5 g6 39.Bc3 Qd6 40.Be5  1-0

[Event "XXIII Belgrade Trophy"]
[Site "Obrenovac SRB"]
[Date "2010.11.25"]
[Round "2.38"]
[White "Vujacic,Bo"]
[Black "Pecurica,M"]
[Result "1-0"]
[WhiteElo "2306"]
[BlackElo "2113"]

1.e4 c5 2.Nf3 d6 3.d4 cxd4 4.Nxd4 Nf6 5.Nc3 Nc6 6.Bg5 e6 7.Qd2 Be7 8.O-O-O Nxd4
9.Qxd4 O-O 10.f3 a6 11.Kb1 b5 12.h4 Bb7 13.Qd2 Rc8 14.Bd3 h6 15.Be3 d5 16.exd5 Nxd5
17.Nxd5 Bxd5 18.Qf2 Qa5 19.b3 Bb4 20.Qg3 Bc3 21.Bxh6 b4 22.h5 Qxa2+ 23.Kxa2 Rc5
24.Qxg7+ Bxg7 25.Bxg7 Kxg7 26.h6+ Kh8 27.Kb2 Rg8 28.Rd2 a5 29.Rh4 f5 30.Rf4 Rg3
31.Bxf5 Bxb3 32.Rd8+ Rg8 33.Rxg8+ Kxg8 34.h7+ Kh8 35.Bd3  1-0

[Event "XXVI Governors Cup"]
[Site "Legnica POL"]
[Date "2010.11.26"]
[Round "2"]
[White "Bulski,K"]
[Black "Dragun,K"]
[Result "1/2-1/2"]
[WhiteElo "2470"]
[BlackElo "2407"]

1.e4 c5 2.Nf3 d6 3.d4 cxd4 4.Nxd4 Nf6 5.Nc3 Nc6 6.Bg5 Qb6 7.Nb3 e6 8.Bf4 Ne5
9.Be3 Qc7 10.f4 Nc6 11.g4 d5 12.e5 Ne4 13.Nxe4 dxe4 14.Bg2 Nb4 15.Bxe4 Nd5
16.Bxd5 exd5 17.Nd4 Bc5 18.c3 Qe7 19.Qe2 Bxd4 20.Bxd4 Qh4+ 21.Qf2 Qh3 22.e6 O-O
23.e7 Re8 24.O-O-O Rxe7 25.f5 Bd7 26.Bxg7 Rae8 27.Bf6 Re2 28.Qf4 h6 29.Qg3 Qg2
30.Qxg2 Rxg2 31.Rxd5 Bc6 32.Rd4 Kh7 33.h3 Ree2 34.Rb4 a5 35.Rb6 Be4 36.Rf1 Rc2+
37.Kd1 Rcd2+ 38.Kc1 Rc2+ 39.Kd1 Rgd2+ 40.Ke1 Bg2 41.Rf4 Bc6 42.c4 Re2+ 43.Kd1 Red2+
44.Ke1 Rh2 45.Kd1 Rcg2 46.Rf1 Rxh3 47.Kc1 Rxg4 48.Rb3 Rxc4+ 49.Rc3 Rcxc3+
50.Bxc3 a4 51.Rg1 Rh1 52.Rxh1 Bxh1 53.Kd2  1/2-1/2

[Event "WY U-16 Olympiad"]
[Site "Burdur TUR"]
[Date "2010.11.28"]
[Round "2"]
[White "Atabayev,M"]
[Black "Papadogiannis,S"]
[Result "1-0"]
[WhiteElo "2342"]
[BlackElo "1983"]

1.e4 c5 2.Nf3 d6 3.d4 cxd4 4.Nxd4 Nf6 5.Nc3 Nc6 6.Bg5 e6 7.Qd2 a6 8.O-O-O h6
9.Be3 Be7 10.f3 Nxd4 11.Bxd4 b5 12.Bxf6 gxf6 13.Kb1 Qb6 14.Bd3 Bd7 15.f4 b4
16.Ne2 a5 17.f5 Qc5 18.Nf4 Rg8 19.Rhe1 a4 20.Bf1 Qe5 21.Nd3 Qxh2 22.e5 b3
23.c3 bxa2+ 24.Ka1 Rd8 25.fxe6 fxe6 26.exf6 Bxf6 27.Nf4 Kf7 28.Bc4 Be5 29.Rf1 Ke7
30.Nxe6 Rxg2 31.Nf4 Bxf4 32.Rde1+ Be6 33.Rxe6+ Kd7 34.Qxf4 Qxf4 35.Rxf4 Rb8
36.Bd5 Rg7 37.Rxa4 Rc8 38.Ra7+ Rc7 39.Rxc7+ Kxc7 40.Rxh6 Rg5 41.Bxa2 Rg1+
42.Bb1 Kc6 43.Ka2 Rg8 44.Be4+ Kc5 45.Rh5+ Kb6 46.b4 Rd8 47.Kb3 Rg8 48.Bd5 Rg4
49.Rh6  1-0

[Event "TCh-SVK Extraliga 2010-11"]
[Site "Cadca SVK"]
[Date "2010.11.28"]
[Round "2"]
[White "Druska,J"]
[Black "Straka,Joz"]
[Result "1-0"]
[WhiteElo "2226"]
[BlackElo "2015"]

1.e4 c5 2.Nf3 Nc6 3.d4 cxd4 4.Nxd4 Nf6 5.Nc3 d6 6.Bg5 Qb6 7.Nb3 e6 8.Bxf6 gxf6
9.Qh5 Bd7 10.Bd3 Rg8 11.O-O Rg6 12.a4 Rh6 13.Qe2 Nd4 14.Nxd4 Qxd4 15.Nb5 Qe5
16.g3 Kd8 17.Qe3 Qh5 18.h4 Qc5 19.Nd4 Rg6 20.b4 Qxb4 21.Rab1 Qc5 22.Bb5 b6
23.a5 Rc8 24.Bxd7 Kxd7 25.axb6 axb6 26.Rb5 Qc3 27.Qxc3 Rxc3 28.Rxb6 Rg4 29.Nb5 Rc8
30.Ra1 Rxe4 31.Ra7+ Ke8 32.Rbb7 d5 33.Rxf7 Rb4 34.Rfb7 Bc5 35.Ra6 e5 36.Nc7+ Kf8
37.Ne6+ Kg8 38.Rg7+ Kh8 39.Rc7 Bxf2+ 40.Kxf2 Rbb8 41.Raa7 Rxc7 42.Rxc7 Re8
43.Ng7 Rd8 44.Nf5 d4 45.Kf3 Rg8 46.Rf7 Rc8 47.Rxf6 Rc3+ 48.Ke4 Kg8 49.Kxe5 Rxc2
50.Nxd4 Rg2 51.Nf5 h5 52.Ra6 Kf7 53.Ra7+ Ke8 54.Ng7+ Kf8 55.Nxh5 Re2+ 56.Kf6 Re8
57.Nf4  1-0

[Event "TCh-SVK Extraliga 2010-11"]
[Site "Dunajov SVK"]
[Date "2010.11.28"]
[Round "2"]
[White "Mrvova,A"]
[Black "Manik,M"]
[Result "1/2-1/2"]
[WhiteElo "2248"]
[BlackElo "2389"]

1.e4 c5 2.Nf3 Nc6 3.d4 cxd4 4.Nxd4 Nf6 5.Nc3 d6 6.Bg5 e6 7.Qd2 a6 8.f4 h6
9.Bxf6 Qxf6 10.Nf3 Qd8 11.O-O-O b5 12.Kb1 Bb7 13.Bd3 Qb6 14.Rhe1 O-O-O 15.Bf1 Kb8
16.Nd4 g6 17.Nxc6+ Bxc6 18.e5 Be7 19.Qe2 dxe5 20.Qxe5+ Qc7 21.Qe3 g5 22.f5 b4
23.Ne2 exf5 24.Nd4 Be4 25.Bd3 Bxd3 26.Qxd3 Bf6 27.c3 bxc3 28.bxc3 Ka7 29.Re2 Bxd4
30.cxd4 Rd5 31.Rc2 Rb8+ 32.Ka1 Qxh2 33.Rdc1 Rdb5 34.Rc7+ R8b7 35.Rxb7+ Rxb7
36.Qxf5 Qd6 37.d5 Qb6 38.Qe5 f6 39.Qc3 Rd7 40.Rb1 Rc7 41.Rxb6 Rxc3 42.Rxf6 h5
43.Kb1 Rg3 44.Rf2 Kb6 45.Rd2 Kc7 46.d6+ Kd7 47.Kc2 h4 48.Kd1 g4 49.Ke1 h3
50.gxh3 gxh3 51.Kf1 Rg6 52.Rh2 Rh6 53.Kg1 Kxd6 54.Rd2+ Kc5 55.Kh2 Kb4 56.Rd3 a5
57.Rb3+ Ka4 58.Rd3 Rb6 59.Rxh3 Rb2+ 60.Kg1 Rxa2 61.Kf1 Rd2 62.Ke1 Rd5 63.Ke2 Kb4
64.Ke3 Rd7 65.Rh8 a4 66.Rb8+ Kc3 67.Rc8+ Kb3 68.Rb8+ Kc2 69.Rc8+ Kb2 70.Rb8+ Ka2
71.Ke2 a3 72.Rb6 Ka1 73.Rb8 a2 74.Rb6 Rd4 75.Rb8 Rh4 76.Kd2 Rh1 77.Kc2 Rc1+  1/2-1/2

[Event "WY U-16 Olympiad"]
[Site "Burdur TUR"]
[Date "2010.11.29"]
[Round "5"]
[White "Gladstone,Simon"]
[Black "Ulyanovskyy,Vl UKR"]
[Result "0-1"]
[WhiteElo "1944"]
[BlackElo "2024"]

1.e4 c5 2.Nf3 Nc6 3.d4 cxd4 4.Nxd4 Nf6 5.Nc3 d6 6.Bg5 e5 7.Ndb5 a6 8.Na3 Be7
9.Bxf6 gxf6 10.Nc4 f5 11.Ne3 fxe4 12.Nxe4 Be6 13.Nd5 Qa5+ 14.Nec3 Nb4 15.Nxe7 Kxe7
16.Qd2 Nd5 17.Nxd5+ Qxd5 18.Qxd5 Bxd5 19.O-O-O Bc6 20.f3 Rhg8 21.Rd2 Rg7
22.Rf2 Rag8 23.g3 f5 24.Bd3 Rf8 25.Re1 h5 26.Kd2 Kf6 27.g4 hxg4 28.fxg4 f4
29.Bf5 Kg5 30.c3 Rh8 31.c4 Re7 32.Ref1 Rh3 33.b3 b5 34.cxb5 Bxb5 35.Re1 d5
36.a4 Bc6 37.Rfe2 e4 38.Rc1 Bb7 39.Rc5 Kf6 40.Bxe4 Rxe4 41.Rxe4 dxe4 42.Rf5+ Kg6
43.Rxf4 Rxh2+ 44.Kc3 Rh3+ 45.Kc4 Rf3 46.Kd4  0-1

[Event "WY U-16 Olympiad"]
[Site "Burdur TUR"]
[Date "2010.11.29"]
[Round "5"]
[White "Ziaziulkina,N"]
[Black "Tilicheev,V"]
[Result "0-1"]
[WhiteElo "2293"]
[BlackElo "2360"]

1.e4 c5 2.Nf3 d6 3.d4 cxd4 4.Nxd4 Nf6 5.Nc3 Nc6 6.Bg5 e6 7.Qd2 a6 8.O-O-O Bd7
9.f3 Be7 10.g4 h5 11.gxh5 Nxh5 12.Bxe7 Qxe7 13.Be2 O-O-O 14.Nb3 g5 15.Qe3 Nf4
16.Bc4 Be8 17.Ne2 d5 18.Bd3 Nxd3+ 19.cxd3 Qc7 20.Kb1 Rxh2 21.Rxh2 Qxh2 22.Rg1 dxe4
23.fxe4 f6 24.Rc1 Qd6 25.Rc3 Kb8 26.Nc5 e5 27.Rb3 Na5 28.Ra3 b6 29.Nxa6+ Kb7
30.b4 Nc6 31.Kb2 Nd4 32.Nc3 Nb5 33.Nc5+ bxc5 34.bxc5 Qd4  0-1

[Event "77th ch-BRA"]
[Site "Americana BRA"]
[Date "2010.11.30"]
[Round "2"]
[White "Gonzalez,Bo"]
[Black "Fier,A"]
[Result "1/2-1/2"]
[WhiteElo "2277"]
[BlackElo "2572"]

1.e4 c5 2.Nf3 d6 3.d4 cxd4 4.Nxd4 Nf6 5.Nc3 Nc6 6.Bg5 e6 7.Qd2 a6 8.O-O-O Bd7
9.f4 Be7 10.Nf3 b5 11.a3 b4 12.axb4 Nxb4 13.Bxf6 gxf6 14.Nd5 Nxd5 15.exd5 e5
16.Bd3 Qb6 17.Rhe1 Rb8 18.Qc3 O-O 19.Nh4 Rfc8 20.Qa3 Rc5 21.Kb1 f5 22.Nxf5 Bxf5
23.Bxf5 Bf6 24.fxe5 Bxe5 25.Rxe5 dxe5 26.Qg3+ Kf8 27.b3 Qd6 28.Bxh7 Ke7 29.Qg5+ Kd7
30.Bf5+ Kc7 31.Qg7 Rf8 32.Be4 Kb6 33.g4 a5 34.Rf1 f6 35.g5 f5 36.Qh6 Qxh6
37.gxh6 f4 38.h7 Rcc8 39.Rg1 f3 40.Bxf3 Rh8 41.Be4 Kc5 42.c3 a4 43.bxa4 Rcf8
44.Rg6 Kc4 45.Re6 Kb3 46.Bc2+ Ka3 47.Kc1 Rf1+ 48.Kd2 Rf2+ 49.Kd1 Rxh2 50.Rf6 Kb2
51.Bg6 Kxc3 52.d6 Ra8 53.Rf3+ Kb4 54.Re3 Rh6 55.Re4+ Ka3 56.Re3+ Kb2 57.Re2+ Ka1
58.Be4 Rd8 59.Rd2 Rh4 60.Bf5 Rh5 61.d7 Rxf5 62.h8=Q Rxh8 63.d8=Q Rxd8 64.Rxd8 e4
65.Ke2 Kb2 66.Rd4 Kb3 67.Rxe4 Ra5 68.Kd3 Rxa4  1/2-1/2

[Event "XXIII Belgrade Trophy"]
[Site "Obrenovac SRB"]
[Date "2010.11.30"]
[Round "7.20"]
[White "Popovic,AM"]
[Black "Cabrilo,G"]
[Result "1-0"]
[WhiteElo "2280"]
[BlackElo "2450"]

1.e4 c5 2.Nf3 Nc6 3.d4 cxd4 4.Nxd4 Nf6 5.Nc3 d6 6.Bg5 e6 7.Qd2 a6 8.O-O-O Be7
9.f4 Bd7 10.Nf3 b5 11.Bxf6 gxf6 12.f5 Qb6 13.Kb1 O-O-O 14.Bd3 Kb8 15.Ne2 Bc8
16.Nf4 Ne5 17.Qe2 Rhe8 18.Rhe1 Qc5 19.a4 Bd7 20.axb5 axb5 21.Nd2 Kb7 22.Nb3 Qb4
23.Qd2 Qxd2 24.Rxd2 Kb6 25.h3 Ra8 26.Re3 Bf8 27.fxe6 fxe6 28.Rf2 Bh6 29.Re1 Bxf4
30.Rxf4 Rg8 31.g4 Rg6 32.Re3 h5 33.gxh5 Nxd3 34.Rf1 Rh6 35.Rxd3 Kc7 36.Rfd1 Ra6
37.Rf3 Ra4 38.Rfd3 Rxe4 39.Rxd6 Bc8 40.Na5 Rh8 41.Rc6+ Kb8 42.Rb6+ Kc7 43.Rc6+ Kb8
44.Rc5 Ka7 45.Rd6 Ra4 46.Rxb5 Ba6 47.Rc5  1-0

[Event "WY U-16 Olympiad"]
[Site "Burdur TUR"]
[Date "2010.12.02"]
[Round "7"]
[White "Narayanan,Sri"]
[Black "Tilicheev,V"]
[Result "1-0"]
[WhiteElo "2350"]
[BlackElo "2360"]

1.e4 c5 2.Nf3 d6 3.d4 cxd4 4.Nxd4 Nf6 5.Nc3 Nc6 6.Bg5 e6 7.Qd2 a6 8.O-O-O Bd7
9.f3 Be7 10.Be3 O-O 11.g4 Nxd4 12.Qxd4 e5 13.Qd2 Be6 14.g5 Nd7 15.h4 Nb6
16.f4 exf4 17.Bxf4 Bg4 18.Be2 Bxe2 19.Qxe2 Rc8 20.Rh3 Qd7 21.Rhd3 Qe6 22.Rxd6 Bxd6
23.Rxd6 Qh3 24.Rxb6 Qxh4 25.Bd2 Rc7 26.Nd5 Rc4 27.Nc3 Qh1+ 28.Qe1 Qg2 29.Rxb7 f6
30.b3 Rd4 31.Qe3 Rfd8 32.gxf6 Qf1+ 33.Be1 Qxf6 34.Qg3 Rxe4 35.Bd2 Re5 36.Be3 h5
37.Bb6 Rde8 38.Bf2 Qg5+ 39.Kb2 Qxg3 40.Bxg3 Rg5 41.Bf2 Rg2 42.Nd1 Rd8 43.Kc1 g5
44.Bb6 Rc8 45.Ne3 Rf2 46.Nc4 Rf1+ 47.Kd2 h4 48.Nd6 Rcf8 49.Bd4 Rd8 50.Ke2 Rc1
51.Nf5 Rxc2+ 52.Kf3 a5 53.Ne7+ Kf7 54.Nc6+ Kg6 55.Nxd8 Rxa2 56.Rb6+ Kh7 57.Ne6 Kg6
58.Nf4+ Kf7 59.Rb7+ Ke8 60.Ne6 Rd2 61.Bc5 Rd7 62.Rxd7 Kxd7 63.Nd4 h3 64.Bb6 g4+
65.Kg3 Kd6 66.Bxa5 Kd5 67.Nf5  1-0

[Event "WY U-16 Olympiad"]
[Site "Burdur TUR"]
[Date "2010.12.03"]
[Round "9"]
[White "Emiroglu,C"]
[Black "Papadogiannis,S"]
[Result "1-0"]
[WhiteElo "2110"]
[BlackElo "1983"]

1.e4 c5 2.Nf3 Nc6 3.d4 cxd4 4.Nxd4 Nf6 5.Nc3 d6 6.Bg5 e6 7.Qd2 a6 8.O-O-O h6
9.Bf4 Bd7 10.Nb3 Ne5 11.Bg3 Be7 12.f4 Nh5 13.Qe1 Ng6 14.Ne2 Rc8 15.Kb1 Qc7
16.Qd2 Nxg3 17.hxg3 b5 18.Ng1 Ra8 19.Nf3 a5 20.Bd3 Nf8 21.e5 d5 22.Nbd4 Qb6
23.f5 b4 24.g4 a4 25.g5 a3 26.fxe6 fxe6 27.b3 Qc5 28.gxh6 gxh6 29.Rxh6 Rg8
30.Rh2 Rc8 31.Rf1 Kd8 32.Ne2 Rc7 33.Rc1 Be8 34.Nf4 Qc3 35.Qxc3 bxc3 36.Nd4 Bd7
37.Rf1 Bc5 38.Nde2 Be3 39.Nh5 Bg5 40.Nf6 Bxf6 41.Rxf6 Ke7 42.Nf4 Be8 43.Kc1 Rg5
44.Kd1 Bf7 45.Rh1 Nd7 46.Rxf7+ Kxf7 47.Rh7+ Rg7 48.Rxg7+ Kxg7 49.Nxe6+ Kg8
50.Nxc7 Nxe5 51.Nxd5  1-0

[Event "WY U-16 Olympiad"]
[Site "Burdur TUR"]
[Date "2010.12.03"]
[Round "9"]
[White "Atabayew,S"]
[Black "Alekseenko,K"]
[Result "0-1"]
[WhiteElo "1987"]
[BlackElo "2284"]

1.e4 c5 2.Nf3 Nc6 3.d4 cxd4 4.Nxd4 Nf6 5.Nc3 d6 6.Bg5 e6 7.Qd2 a6 8.O-O-O Bd7
9.f4 b5 10.Nxc6 Bxc6 11.Bd3 Be7 12.Qe2 b4 13.Nb1 Qa5 14.e5 dxe5 15.fxe5 Nd5
16.Bxe7 Nxe7 17.Rhf1 Ng6 18.Rde1 Bb5 19.Bxb5+ axb5 20.h4 Ne7 21.h5 Nd5 22.Rd1 Rc8
23.h6 g6 24.Rxd5 exd5 25.e6 f5 26.Qe5 Rg8 27.Qxd5 Qc7 28.Qxb5+ Qc6 29.Qe2 Ke7
30.Qf2 Qc5 31.Qe2 Rc6 32.Re1 Qc4 33.Qf2 Rd8 34.b3 Qd4 35.Qxd4 Rxd4 36.a3 Rg4
37.axb4 Rxb4 38.Nd2 Rg4 39.Nf3 Rxe6 40.Rg1 g5 41.Kd2 Rxh6 42.c4 Re6 43.Kd3 h5
44.c5 Ree4 45.c6 Kd8 46.Rc1 Rxg2 47.Rc5 Rf4 48.c7+ Kc8 49.Ne5 Rg3+ 50.Ke2 Re4+
51.Kf2 Rxe5 52.Rxe5 f4 53.Rc5 h4 54.b4 h3 55.Rc6 g4 56.b5 Rf3+ 57.Ke2 h2
58.b6 Rb3 59.Rh6 Rxb6 60.Rh7 Rb1 61.Rh8+ Kxc7 62.Rh7+ Kd6 63.Rh6+ Ke5 64.Rh5+ Ke4
65.Kf2 h1=Q 66.Re5+ Kxe5  0-1

[Event "Frauenbundesliga 1st Div 2010-11"]
[Site "Germany GER"]
[Date "2010.12.04"]
[Round "3.2"]
[White "Arakhamia-Grant,K"]
[Black "Madl,I"]
[Result "1/2-1/2"]
[WhiteElo "2458"]
[BlackElo "2400"]

1.e4 c5 2.Nf3 d6 3.d4 cxd4 4.Nxd4 Nf6 5.Nc3 Nc6 6.Bg5 e6 7.Qd2 Be7 8.O-O-O O-O
9.Nb3 Qb6 10.f3 Rd8 11.Nb5 Rd7 12.Be3 Qd8 13.N5d4 a5 14.a4 e5 15.Nf5 d5 16.Bb5 d4
17.Bg5 Rc7 18.Nxe7+ Qxe7 19.Kb1 Be6 20.Nc1 Nb4 21.c3 dxc3 22.bxc3 Na6 23.Qd6 Qxd6
24.Rxd6 Rxc3 25.Rhd1 Rcc8 26.Rb6 Nc5 27.Be3 Nfd7 28.Rxe6 fxe6 29.Bxd7 Nxd7
30.Rxd7 Rc4 31.Nd3 Rxa4 32.Nxe5 Rb4+ 33.Ka2 Rc8 34.Bd4 Kf8 35.Nd3 Ke8 36.Rd6 Ke7
37.e5 Rb5 38.Nf4 Rc6 39.Rxc6 bxc6 40.h4 Kf7 41.Ka3 Rb4 42.Ne2 h5 43.g3 Rb1
44.Ka4 Rd1 45.Bc3 Rd3 46.Bxa5 Rxf3 47.Bb6 Rf5 48.Nd4 Rxe5 49.Nxc6 Rd5 50.Kb4 g5
51.hxg5 Rxg5 52.Bc7 h4 53.gxh4 Rg4+ 54.Kc5 Rxh4 55.Ne5+ Kf6 56.Bd8+ Kxe5
57.Bxh4  1/2-1/2